OPTIMIZING COMPILERS FOR MODERN ARCHITECTURES: A DEPENDENCE BASED APPROACH (Record no. 216519)
[ view plain ]
| 000 -LEADER | |
|---|---|
| fixed length control field | 00574nam a22001817a 4500 |
| 008 - FIXED-LENGTH DATA ELEMENTS--GENERAL INFORMATION | |
| fixed length control field | 260203b |||||||| |||| 00| 0 eng d |
| 020 ## - INTERNATIONAL STANDARD BOOK NUMBER | |
| International Standard Book Number | 978-1-4933-0354-0 |
| 050 ## - LIBRARY OF CONGRESS CALL NUMBER | |
| Classification number | QA 76.76 .C65 A45 2001 |
| 100 ## - MAIN ENTRY--PERSONAL NAME | |
| Personal name | ALLEN, RANDY |
| 245 ## - TITLE STATEMENT | |
| Title | OPTIMIZING COMPILERS FOR MODERN ARCHITECTURES: A DEPENDENCE BASED APPROACH |
| 260 ## - PUBLICATION, DISTRIBUTION, ETC. | |
| Place of publication, distribution, etc. | AMSTERDAM, |
| Name of publisher, distributor, etc. | MORGAN KAUFMANN PUBLISHERS, |
| Date of publication, distribution, etc. | 2001 |
| 300 ## - PHYSICAL DESCRIPTION | |
| Extent | 834 P |
| 500 ## - GENERAL NOTE | |
| General note | INCLUDES REFERENCES |
| 650 ## - SUBJECT ADDED ENTRY | |
| Topical term or geographic name entry element | COMPILERS (COMPUTER PROGRAMS). COMPUTER ARCHITECHTURE |
| 700 ## - ADDED ENTRY--PERSONAL NAME | |
| Personal name | KENNEDY KEN |
| 942 ## - ADDED ENTRY ELEMENTS (KOHA) | |
| Source of classification or shelving scheme | Library of Congress Classification |
| Koha item type | Long Loan Book |
| Withdrawn status | Lost status | Source of classification or shelving scheme | Damaged status | Not for loan | Collection | Home library | Current library | Shelving location | Date acquired | Inventory number | Total checkouts | Full call number | Barcode | Date last seen | Copy number | Price effective from | Koha item type |
|---|---|---|---|---|---|---|---|---|---|---|---|---|---|---|---|---|---|
| Library of Congress Classification | Science & Technology | Kisii University Library | Kisii University Library | On Display | 02/03/2026 | 111439 | QA 76.76 .C 65 A45 2001 | 50182 | 02/03/2026 | 1 | 02/03/2026 | Long Loan Book | |||||
| Library of Congress Classification | Science & Technology | Kisii University Library | Kisii University Library | On Display | 02/03/2026 | 111440 | QA 76.76 .C 65 A45 2001 | 50181 | 02/03/2026 | 2 | 02/03/2026 | Long Loan Book | |||||
| Library of Congress Classification | Science & Technology | Kisii University Library | Kisii University Library | On Display | 02/03/2026 | 111441 | QA 76.76 .C 65 A45 2001 | 50147 | 02/03/2026 | 3 | 02/03/2026 | Long Loan Book |